Todos os marcadores do Vasco em 2024 - Statistics

Estatísticas Gerais
  • Esse quiz foi jogado 158 vezes
    127 desde o último reset
  • A pontuação média é 14 de 27
Estatísticas das Respostas
Jogador Gols % Correto
Pablo Vegetti 17
98%
Lucas Piton 6
93%
Payet 2
90%
Paulo Henrique 1
86%
David 5
83%
Rayan 2
82%
Adson 4
75%
Maicon 1
74%
Léo Pelé 1
69%
Hugo Moura 1
68%
Joao Victor 1
63%
Matheus Cocão 2
54%
Sforza 1
53%
Estrella 1
50%
Leandrinho 1
48%
Emerson Rodriguez 1
44%
GB 1
43%
Galdames 2
37%
Victor Luis 1
36%
Orellano 1
34%
Capasso 1
28%
Praxedes 1
28%
Puma Rodrigues 1
27%
Zé Gabriel 1
27%
Lyncon 1
20%
Paixão 1
8%
Barros 1
6%
Nenhum quiz correspondente encontrado
Distribuição das Pontuações
Porcentagem de Pessoas com Cada Pontuação
Percentil de Números Respondidos
Sua Pontuação Histórica
Você não jogou esse quiz desde o último reset